Регионална библиотека "Любен Каравелов" - Русе

Безнадежден случай (Запис номер 426837)

MARC детайли
000 -Лидер
Контролно поле с фиксирана дължина 01221nam a2200265 a 4500
003 - Код на организацията, давaща контролен номер
Контролно поле BLK
005 - Дата и час на последна редакция
Контролно поле 20250719102527.0
008 - Елементи от данни с фиксирана дължина
fixed length control field 210805b bu |||||r|||| 00| | bu d
020 ## - Международен стандартен номер на книга ISBN
Международен стандартен номер на книга ISBN 9786191953004
040 ## - Източник на каталожния запис
Идентификатор на билиотеката - собственик на записа BLK
041 ## - Код за език
Код за езика на текст/звукозапис или на отделно заглавие Български
Код за езика КДБФ Български
080 ## - УДК
Текстов определител УДК Българска литература
УДК код - определител по УДК 821.163.2
УДК определител -94
УДК - код + определител 821.163.2-94
100 ## - Редна дума - Автор
Автор Карадочева, Богдана Иванова
Дати, свързани с автора 1949 -
R(LIN) 351243
139 ## - Редно поле
Редна дума Карадочева, Богдана Иванова и др.
Авторски знак Караг - К 30
245 ## - Сведения за заглавието
Заглавие Безнадежден случай
Редно поле (дума) Богдана Карадочева, Стефан Димитров ; под ред. на Георги Тошев
260 ## - Област на издателските данни
9 (RLIN) 214104
Място на издаване, разпространение и проч. София
Име на издателя, разпространителя и проч. Книгомания
Година на издаване 2021
Печатница (Костинброд : Мултипринт)
Издателство - префикс ISBN 978-619-195- ; 978-954-8432- ; 978-954-9817- ; 954-90578-
300 ## - Физическа характеристика
Страници 240 с.
Илюстрации и др. с ил.
Размери/Мащаб 24 см
380 ## - Жанр
Жанр Худож. лит.
700 ## - Други автори (авторска отговорност)
9 (RLIN) 261053
Лично име Димитров, Стефан Михайлов
Автороска отговорност (Описва отношението между автора и произведението) съавт.
700 ## - Други автори (авторска отговорност)
9 (RLIN) 871
Лично име Тошев, Георги Коцев
Автороска отговорност (Описва отношението между автора и произведението) под ред. на
852 ## - Местоположение
Фондова буква Заемна - подръчен фонд
Систематично-азбучна сигнатура 821.163.2-9/К 30 Б
852 ## - Местоположение
Форматна сигнатура Цб 311834
Фондова буква Хранилище
999 ## - СИСТЕМНИ КОНТРОЛНИ НОМЕРА
Koha biblionumber 426837
Koha biblioitemnumber 426837
942 ## - АРТИКУЛИ
Вид на библиотечния материал Книги
Скрит в OPAC Не
Периодичен библиозапис Да
Koha issues (borrowed), all copies 36
944 ## - СЪЗДАВАНЕ И РЕДАКЦИЯ на ЗАПИСА
Създаване/Редакция Редакция
Дата на регистрацията/редакция 2022-03-17
Служител, извършил регистрацията/редакцията 30545
Статус, дата на статуса Нора Радева
Наличности
Код за отписване Код за изгубен артикул Източник на класификационната схема Код за повреда Коз за рестрикции Код за отдаване Артикулен № Име на библиотеката - собственик Име на библиотеката, в която се намира в момента Статус (Текущо местоположение) Дата на вписване в системата Местоположение - отдел Цена в лева Систематично азбучна сигнатура Баркод Цена в евро Служебен тип на артикула
  Не е изгубен Universal Decimal Classification Не е повреден без рестрикции заемане за дома 847039 Регионална библиотека "Любен Каравелов" Русе Регионална библиотека "Любен Каравелов" Русе Заемна - подръчен фонд 2021-08-06 Заемна - подръчен фонд 18.75 821.163.2-9/К 30 Б 120000859375 9.59 Книги
  Не е изгубен Universal Decimal Classification Не е повреден без рестрикции заемане за дома 847040 Регионална библиотека "Любен Каравелов" Русе Регионална библиотека "Любен Каравелов" Русе Заемна - подръчен фонд 2021-08-06 Заемна - подръчен фонд 18.75 821.163.2-9/К 30 Б 120000859376 9.59 Книги
  Не е изгубен Universal Decimal Classification Не е повреден само за читалня ползва се в читалня 877637 Регионална библиотека "Любен Каравелов" Русе Регионална библиотека "Любен Каравелов" Русе Хранилище 2022-03-21 Хранилище 25.00 Цб 311834 120000869972 12.78 Книги
Vip Innovations Ltd, Rousse, Bulgaria 2025